Παπατρέχας
Αποθηκεύτηκε σε:
| Κύριος συγγραφέας: | |
|---|---|
| Μορφή: | Βιβλίο |
| Γλώσσα: | Greek |
| Δημοσίευση: |
[Αθήνα :
Εφημερίδα Ελεύθερος Τύπος,
2007].
|
| Έκδοση: | Συλλεκτική έκδ. |
| Σειρά: | Αριστουργήματα νεοελληνικής λογοτεχνίας
|
| Θέματα: | |
| Ετικέτες: |
Προσθήκη ετικέτας
Δεν υπάρχουν, Καταχωρήστε ετικέτα πρώτοι!
|
MARC
| LEADER | 00000cam a2200000 i 4500 | ||
|---|---|---|---|
| 001 | 1/59590 | ||
| 008 | 141111s2007 gr | ||| |||| ||gre|| | ||
| 020 | |a 9606610470 | ||
| 035 | |l 10119723 | ||
| 040 | |a GR-MY-UA |b gre |e aacr | ||
| 041 | 0 | |a gre | |
| 082 | 7 | |a 889.3 |2 (23) | |
| 100 | 1 | |a Κοραής, Αδαμάντιος, |d 1748-1833. | |
| 245 | 1 | 0 | |a Παπατρέχας / |c Αδαμάντιος Κοραής. |
| 250 | |a Συλλεκτική έκδ. | ||
| 260 | |a [Αθήνα : |b Εφημερίδα Ελεύθερος Τύπος, |c 2007]. | ||
| 300 | |a 188 σ. ; |c 22 εκ. | ||
| 490 | 1 | |a (Αριστουργήματα της νεοελληνικής λογοτεχνίας) | |
| 650 | 0 | |a Greek fiction. | |
| 830 | 0 | |a Αριστουργήματα νεοελληνικής λογοτεχνίας | |
| 852 | |a INST |b SYROS |e 20141111 |h 889.3 ΚΟΡ |p 005500012370 |q 005500012370 |t BK |y 0 | ||
| 901 | |a BIBL5-2014-3 | ||
| 909 | |a Ε |b 187172 | ||
| 970 | |a ΚΟΝΤΟΥ |b ΠΑΡΑΣΚΕΥΗ |z 2014/11/11 | ||